| 000 | 01621cam a22001934a 4500 | ||
|---|---|---|---|
| 005 | 20250605164037.0 | ||
| 008 | 250528s ||||||||||||||||||||||||d | ||
| 035 | _a16857 | ||
| 020 | _a9608386187 | ||
| 040 |
_aGR-AtMCL _bgre _dGR-AtMCL _eAACR2 |
||
| 245 | 1 | _aΟ Δύσκολος Τοκετός / Η Αναδιάρθρωση του Ελληνικού Τραπεζικού Συστήματος (1927-1929) | |
| 260 |
_bΚέρκυρα, _c2004 |
||
| 300 | _a176 | ||
| 520 | _aΤα αποσπάσματα που έχουν επιλεγεί καθρεφτίζουν την κρίσιμη για το Ελληνικό Τραπεζικό Σύστημα περίοδο 1927-1929. Προλογικό Σημείωμα, Εισαγωγικό Σημείωμα, Τράπεζα της Ελλάδος: Μια Περιδιάβαση 75 Χρόνων, Το Ιστορικό Πλαίσιο, Το Πρωτόκολλο της Γενεύης και η Απαίτηση για Τραπεζική Μεταρρύθμιση, Η Αλλαγή των Τραπεζικών Δομών στην Ελλάδα του Μεσοπολέμου, Η Αναγκαιότητα μιας Κεντρικής Εκδοτικής Τράπεζας, Η Ίδρυση της Τράπεζας της Ελλάδος, Η Υπόθεση των Καλυμμάτων, Παράρτημα: Μονόδρομος ο Εξωτερικός Δανεισμός, Ενδεικτική Βιβλιογραφία και Πηγές Εικονογράφησης, Ευρετήριο. | ||
| 700 | 1 |
_aΣαλβάνου Αιμιλία _92942 |
|
| 942 | _cBK | ||
| 999 |
_c2309 _d2309 |
||